• 首页
  • 本馆介绍
  • 公告通知
  • 最新文献
  • 馆藏检索
  • 电子资源
  • 读者导购
  • 参考咨询
  • 我的图书馆
  • 登录
  • 详细信息显示
  • 放入我的书架
  • 预约/预借图书
  • 作者相关作品
  • 分类相关作品
  • 丛书相关作品
  • 出版社相关作品

书目信息

  • 表格格式
  • 工作单格式
  • 卡片格式
题名:
沼气技术及其应用
    
 
作者: ;张全国 主编
分册:  
出版信息: 北京   化学工业出版社  2005
页数: 354
开本: 20cm
丛书名:
单 册:
中图分类: S216.4
科图分类:
主题词: 农业--动能 , 农业--能源
电子资源:
ISBN: 7-5025-6936-7
000 00565nam0 2200193 450
001 0741144344
005 20070817112544.34
010    @a7-5025-6936-7@d¥22.00
100    @a20070817d km y0chiy0120 ea
101 0  @achi
200 1  @a沼气技术及其应用@Azhao qi ji shu ji qi ying yong@f张全国主编@Fzhang quan guo zhu bian
210    @a北京@c化学工业出版社@d2005
215    @a354@c插图@d20cm
606 0  @a农业@x动能
606 0  @a农业@x能源
690    @aS216.4@v3
711 02 @a张全国@Azhang quan guo@4主编
801  0 @aCN@bPFT@c20070817
905    @a213230@dS216.4@en1@f1
    
    沼气技术及其应用/张全国主编.-北京:化学工业出版社,2005
    354:插图;20cm
    
    
    ISBN 7-5025-6936-7:¥22.00
    
●
相关链接 在E读中查询图书 在五车中查询图书 在当当中查询图书 在豆瓣中查询图书


正题名:沼气技术及其应用     索取号:S216.4/n1         预约/预借

序号 登录号 条形码 馆藏地/架位号 状态 备注
1 6601304   266013048   密集书库-生命科学系/ [索取号:S216.4/n1] 在馆    
唐山师范学院图书馆 欢迎您!
大连网信软件有限公司© 版权所有